000 00653nas a2200241 4500
001 BR9212600
003 BR-BrBNA
005 20231205094809.0
007 ta
008 230509b bl.|||p| |||| 00| 00por d
040 _aBR-BrBNA
_bpor
_cBiblioteca Nacional de Agricultura
041 _a(Pt)
072 _aP34
100 1 _aAnon.
245 1 _aRizobacterias estimulam e protegem raizes
650 _aSolo
650 _aRizosfera
650 _aRaiz
650 _aBiologia do Solo
773 0 _tUniversitario de Agronomia (Brazil)
_x
_g(Jun 1990), v. 1(1) p. 44-45
_wBR9212600
909 _a202311
_bLúcia
_c55
_dLúcia Elande
942 _2AGRIS
_n0
_cANA
999 _c146902
_d146902